000 00544nam a22001697a 4500
999 _c27036
_d27036
003 BDDh-ASL
005 20231015030721.0
008 211022s1920 ii ||||| |||| 00| 0 u d
040 _aBDDh-ASL
_cBDDh-ASL
082 _a297.61
_bAZM
100 1 _94139
_aAzad, Abul Kalam
245 1 0 _aMasala Khilafat wa Jazira-I Arab : / مسئلہ خلافت و جزيرۂ عرب
260 _aCalcutta :
_bAll India Khilafat Committee
_c1920.
300 _a160 p. :
_c23 cm.
650 0 _94819
_aCaliphate
_xIslam
_xKhilafat
_xHistory
942 _2ddc
_cBK